000 00604nam a2200241 i 4500
001 C2-0279448
003 PPAK
005 20180728010647.0
008 070429s2007 enk |||| ||||| | eng d
020 _a9780751538717
040 _aPPAK
_beng
_cPPAK
_erda
082 0 4 _a823
_223
090 0 0 _a823
_bCOR
_dG
100 1 _aCornwell, Patricia,
_eauthor
245 1 0 _aAt risk
264 1 _aLondon :
_bSphere ,
_c2007
300 _a229 pages ;
_c18 cm
336 _2rdacontent
_atext
337 _2rdamedia
_aunmediated
338 _2rdacarrier
_avolume
650 1 0 _aEnglish fiction.
942 _ddc
_cB
999 _c86092
_d86092